Politics of ethnic renewal in DarjeelingL Gorkhas and the struggle for tribal recognition (Record no. 1225658)

MARC details
000 -LEADER
fixed length control field 00729nam a2200229Ia 4500
005 - DATE AND TIME OF LATEST TRANSACTION
control field 20241129104401.0
008 - FIXED-LENGTH DATA ELEMENTS--GENERAL INFORMATION
fixed length control field 241129s9999||||xx |||||||||||||| ||und||
020 ## - INTERNATIONAL STANDARD BOOK NUMBER
International Standard Book Number 9781032723433
037 ## - SOURCE OF ACQUISITION
Stock number Textual
040 ## - CATALOGING SOURCE
Original cataloging agency RTL
Language of cataloging eng
Transcribing agency RTL
041 ## - LANGUAGE CODE
Language code of text/sound track or separate title eng
Source of code eng
084 ## - COLON CLASSIFICATION NUMBER
Classification number Y73.275c R4
Assigning agency RTL
100 ## - MAIN ENTRY--PERSONAL NAME
Personal name Chhetri Nilamber
9 (RLIN) 726139
245 #0 - TITLE STATEMENT
Title Politics of ethnic renewal in DarjeelingL Gorkhas and the struggle for tribal recognition
Statement of responsibility, etc. Chhetri Nilamber
260 ## - PUBLICATION, DISTRIBUTION, ETC.
Place of publication, distribution, etc. New York
Name of publisher, distributor, etc. Routledge
Date of publication, distribution, etc. 2024
300 ## - PHYSICAL DESCRIPTION
Extent xvi,223p.
365 ## - TRADE PRICE
Price type code INR
Price amount 1295
490 ## - SERIES STATEMENT
Series statement Nepal and Himalayan Studies
650 ## - SUBJECT ADDED ENTRY--TOPICAL TERM
Topical term or geographic name entry element Eastern Himalayas- Darjeeling-India
9 (RLIN) 726140
942 ## - ADDED ENTRY ELEMENTS (KOHA)
Koha item type Textbook
Classification part Y73.275c R4
Holdings
Withdrawn status Lost status Damaged status Not for loan Home library Current library Date acquired Source of acquisition Cost, normal purchase price Inventory number Total Checkouts Full call number Barcode Date last seen Price effective from Koha item type
        Ratan Tata Library Ratan Tata Library 2024-11-29 Excel Book International 1295.00 100 & 07/2/24   Y73.275c R4 RT1585123 2024-11-29 2024-11-29 Textbook
Copyright @ Delhi University Library System